| 000 | 00488nam a2200169 i 4500 | ||
|---|---|---|---|
| 001 | 44397 | ||
| 003 | ES-MaACL | ||
| 005 | 20230906161024.0 | ||
| 007 | t| | ||
| 008 | 030321s1935 fr ||||1| fre d | ||
| 100 | 1 |
_aCe, Camille. _937259 |
|
| 245 | 1 | 0 |
_aRegards sur l'oeuvre d'Edouard EstauniƩ / _cCamille Ce. |
| 260 |
_aParis : _b[s.n., _c1935] ( _fImpr. E. Aubin et Fills) |
||
| 300 |
_a359 p. ; _c19 cm. |
||
| 600 | 1 | 4 |
_aEstaunie, Edouard. _948024 |
| 852 |
_aES-MaACL _jA-4679 _bR.16594 |
||
| 999 |
_c44397 _d44397 |
||